000 00812nam a22002057a 4500
999 _c58282
_d58282
005 20211021122630.0
008 211021s2007 ru ||||| |||| 00| 0 rus d
020 _a9788779899414
041 _arus
080 _a299.93 Х-12
100 _aХаббард, Рональд Лафайет.
_912701
245 _aСаентология 8-80 :
_bОткрытие и увеличение жизненной энергии Хомо Сапиенс /
_cЛ. Рон Хаббард.
264 _aМ. :
_b"Нью Эра",
_c2007.
300 _a183 стр. :
_b ил. ;
_c24 см.
653 _aСаентология
653 _aОткрытие и увеличение жизненной энергии
653 _aდიანეტიკა
653 _aსაენტოლოგია
942 _2udc
_cBK